000 00689nam a22001697a 4500
003 UA-OsUOA
001 13522
007 ta
008 20030607b un ||||| |||| 00| 0 ukr d
942 _cSA
040 _aUA-OsUOA
_cUA-OsUOA
_dUA-OsUOA
245 _aВиставки : "Барви Полісся"[ у Києві у виставковій залі Нац. музею Т.Шевченка демонструвались вироби майстрів ужитк. мистецтва с.Крупове Дубровиц. р-ну]
300 _aС.1
955 _a0
773 0 _w0
_tВісті Рівненщини
_dРівне
_d2003
_g№44/28 трав./
650 7 _aВиставки
_2UDC
999 _c299683
_d299683